A course of analysis

Αποθηκεύτηκε σε:
Λεπτομέρειες βιβλιογραφικής εγγραφής
Κύριος συγγραφέας: Phillips, E. G. (Edgar Giraldus)
Μορφή: Βιβλίο
Γλώσσα:English
Δημοσίευση: Cambridge : The University Press, 1962
Έκδοση:2nd ed., Repr.
Θέματα:
Ετικέτες: Προσθήκη ετικέτας
Δεν υπάρχουν, Καταχωρήστε ετικέτα πρώτοι!

MARC

LEADER 00000cam a2200000 i 4500
001 1/4649
008 100218r19621930 eng d
035 |l 10106868 
040 |a GR-MY-UA  |b gre  |e aacr 
041 0 |a eng 
082 0 |a 515  |2 (22) 
100 1 |a Phillips, E. G.   |q (Edgar Giraldus) 
245 1 2 |a A course of analysis /  |c E. G. Phillips 
250 |a 2nd ed., Repr. 
260 |a Cambridge :   |b The University Press,   |c 1962 
300 |a vi, 372 σ.;  |b σχέδια;  |c 22 εκ. 
500 |a Student's edition 
504 |a Περιέχει ευρετήριο 
650 0 0 |a Calculus. 
852 |a INST  |b SAMOS  |c MAG  |e 20100218  |h 515 PHI  |p 005300030588  |q 005300030588  |t BK  |y 0 
901 |a BIBL3-2010-1 
909 |a Σ  |b 161853 
970 |a ΡΟΥΣΣΟΥ  |b ΚΩΝΣΤΑΝΤΙΝΑ  |z 2010/02/18